000 00601nam a2200181Ia 4500
008 100921s9999 xx 000 0 und d
082 _b26287
_a891.463 थ 94
100 _aनिसळ शांता.
245 _aआवर्त.
260 _bअनिरूध्द साहित्य,पुणे.
_c1994
300 _a216
_bचेतक पुस्तकालय,सांगली
365 _b75
520 _aललित-कादंबरी.
630 _aआवर्त.
650 _aललित-कादंबरी.
730 _aआवर्त.
942 _cBOOK
999 _c775400
_d775397